| 000 | 01699cam a22003977a 4500 | ||
|---|---|---|---|
| 003 | CHAP | ||
| 005 | 20220329142800.0 | ||
| 008 | 030918s2003 mx bd r 00010 spa d | ||
| 010 | _a87706 | ||
| 011 | _a88678 | ||
| 035 | _a99223 | ||
| 040 | _cCHAP | ||
| 090 | _aTesis | ||
| 100 | 0 | 0 |
_aMontesillo Cedillo, José Luis. _977912 |
| 245 | 1 | 0 |
_aPrecio de eficiencia social para el agua de riego en México: _bel caso de los distritos de riego pertenecientes a las regiones administrativas III, VIII y XII _c/por José Luis Montesillo Cedillo |
| 260 |
_aChapingo, Méx. : _bEl autor, _c2003 |
||
| 300 |
_a201 h. : _bgráfs. ; mapas ; cuadros |
||
| 502 | _aTesis (Dr. en Problemas Económico Agroindustriales) -- UACH. Centro de Investigaciones Económicas, Sociales y Tecnológicas de la Agroindustria y la Agricultura Mundial | ||
| 530 | _aTambién disponible en línea | ||
| 590 |
_aALEPH _b10 _c20130110 _lUCH01 _h1455 |
||
| 590 |
_aBATCH-UPD _b10 _c20130110 _lUCH01 _h0944 |
||
| 590 |
_aBATCH-UPD _b10 _c20130410 _lUCH01 _h0559 |
||
| 590 |
_aBATCH-UPD _b10 _c20130913 _lUCH01 _h2248 |
||
| 590 |
_aBATCH-UPD _b10 _c20140324 _lUCH01 _h1441 |
||
| 590 |
_aBATCH-UPD _b10 _c20141002 _lUCH01 _h0819 |
||
| 590 |
_aCONVERSION _b10 _c20130109 _lUCH01 _h1349 |
||
| 650 | 1 | 4 |
_aAgua para irrigación _xMéxico. _92438 |
| 650 | 1 | 4 |
_aAgua _xAbastecimiento _xCostos. _92238 |
| 650 | 1 | 4 |
_aDistritos de riego _xMéxico. _932978 |
| 856 |
_3Finding aid _uhttp://10.13.5.2/tesis/99223.pdf _zTeclea aqui |
||
| 901 | _aBK | ||
| 905 | _aMarco A. Mendoza T. | ||
| 942 | _cFOLL | ||
| 949 |
_aTesis _bBC _cTES _d33724000896809 _eTS2 _fc.2 _gDonaciØn _h41362 _i99223 _sb |
||
| 949 |
_aTesis _bBC _cTES _d992231 _eTS1 _gDonaciØn _h41361 _i99223 _sb |
||
| 999 |
_c87706 _d87706 |
||